Lesbismo : storia, società, comunicazione /

Na minha lista:
Detalhes bibliográficos
Autor principal: Agostini, Franca (Author)
Formato: Livro
Idioma:Língua italiana
Tags: Adicionar Tag
Sem tags, seja o primeiro a adicionar uma tag!

MARC

LEADER 00000nam a22000007i 4500
001 IT\ICCU\UBO\1697392
003 ItRI
005 20260124192843.0
008 021022s1989 it |||||| ||||| |||||c
040 |b ita  |c importazione bologna sebina 
041 7 |a ita  |2 ISO-639-2 
100 1 |a Agostini, Franca  |0 IT\ICCU\UBOV\639161  |4 aut 
245 1 0 |a Lesbismo :  |b storia, società, comunicazione /  |c candidato Franca Agostini ; relatore Pio Baldelli. 
300 |a 176 p. ;  |c 30 cm 
500 |a Tesi di laurea in pedagogia, Università degli Studi di Firenze, Facoltà di Magistero, a.a. 1988/89. 
942 |2 ddc  |c TS  |n 0 
952 |0 0  |1 0  |4 0  |6 TESI_306_766000000000000_AGO  |7 0  |9 23259  |a BO  |b BO  |d 2026-01-15  |i 1951  |l 0  |o TESI 306.766 AGO  |p BO1951  |r 2026-01-15 23:22:51  |w 2026-01-15  |x [Sebina 5] [1 v.]  |y TS  |z 1 v. 
999 |c 19834  |d 19834